1915 1183 1220 1739 1086 1462 1922 1258 1727 1229 1946 1326 1004 1216 1250 1287 1432 1750 1147 1274 1183 1754 1627 1113 1094 1033 1163 1429 1808 1279 1010 1222 1038 1094 1461 1419 1103 1749 1185 1084 1204 1320 1478 1536 1395 1343 1383 1848 1538 1607 1309 1643 1198 1144 1254 1664 1347 1826 1734 1110 1177 1535 1018 1982 1324 1555 1614 1047 1589 1196 1420 1301 1844 1592 1489 1706 1154 1226 1623 1729 1796 1581 1481 1222 1820 1913 1277 1005 1340 1698 1299 1495 1645 1626 1930 1215 1638 1136 1424 BCNSPRNW ULIB Ver.6.0+V

เปลี่ยนเป็นภาษาไทย

Change to English
 แสดงรายละเอียดบรรณานุกรม
  กลับหน้าหลัก

Brief Record : Get Marc (ISO 2709) : E-mail record : QR code < ปิดหน้าต่าง
LEADER : 00000nam 2200000uu 4500
001    13399115027
003     ULIB
008    120703s2003||||th 000 0 eng d
020    ^a9781929007110
060 14 ^aQS17^bN474A
100    ^aNetter Frank H.
110    ^aELSEVIER
245    ^aAtlas of human anatomy /^cNetter Frank H.
260    ^aUSA :^bSaunders/ELSEVIER,^c2003
300    ^a580 pages
650    ^aHuman anatomy
945    ^p0^l0^i17655
945    ^p0^l0^i17656
999 ^a ใช้งานได้ทุกระบบ
รายการนี้ยังไม่มีแท็ก
คุณยังไม่ได้ล็อกอิน คุณสามารถมีกิจกรรมร่วมกับเว็บไซต์ได้ แต่ต้องล็อกอินก่อน ::
  ล็อกอิน

รายการสื่อสารสนเทศ

ลำดับที่ ประเภท เลขเรียก/บาร์โค้ด สถานที่ สถานะ
- ไม่พบข้อมูล -

รายการใกล้เคียง
    ผู้แต่ง [Netter Frank H.]

    หัวเรื่อง [Human anatomy]

BibComment


ยังไม่เคยถูกคอมเมนท์

คอมเมนท์ทรัพยากรรายการนี้
  คอมเมนท์: Atlas of human a..


 Copyright 2026. Bcnsprnw @Library